[Event "South Island-ch"]
[Site "Hanmer Springs"]
[Date "2019.10.08"]
[Round "6"]
[White "Sipahioglu, Irmak"]
[Black "Korenevski, Oleg"]
[Result "1/2-1/2"]
[WhiteElo "2037"]
[BlackElo "1859"]
[PlyCount "121"]
[EventDate "2019.10.05"]
[EventType "swiss"]
[EventRounds "9"]
[EventCountry "NZL"]
[SourceTitle "EXT 2023"]
[Source "ChessBase"]
[SourceDate "2022.10.05"]
[SourceVersion "1"]
[SourceVersionDate "2022.10.05"]
[SourceQuality "1"]

1. d4 d5 2. c4 e6 3. Nc3 Nf6 4. cxd5 exd5 5. Bg5 Be7 6. e3 c6 7. Bd3 Be6 8. Qc2 Nbd7 9. Nf3 h6 10. Bh4 0-0 11. 0-0 c5 12. dxc5 Nxc5 13. Nd4 Nxd3 14. Qxd3 Qb6 15. Rfd1 Rfd8 16. Qb5 Qxb5 17. Ncxb5 Rd7 18. Rac1 Ne8 19. Bxe7 Rxe7 20. Nb3 b6 21. Rd2 a6 22. Nc3 Nf6 23. f3 Rc7 24. Kf2 Kf8 25. Rcd1 Rac8 26. Nd4 Rc4 27. Nde2 b5 28. Nf4 R4c5 29. Ke2 g6 30. Ncxd5 Nxd5 31. Nxd5 h5 32. a3 Rc2 33. e4 Bxd5 34. exd5 Ke7 35. Kd3 Rxd2+ 36. Rxd2 Kd6 37. Ke4 Re8+ 38. Kd4 Re5 39. Kc3 a5 40. a4 bxa4 41. Kc4 Re3 42. h4 Rb3 43. Kd4 Rb4+ 44. Ke3 Rxh4 45. f4 Rg4 46. Kf3 f5 47. Rd4 g5 48. Rxa4 Rxf4+ 49. Rxf4 gxf4 50. Kxf4 Kxd5 51. Kxf5 Kc4 52. Kg5 Kb3 53. Kxh5 Kxb2 54. g4 a4 55. g5 a3 56. g6 a2 57. g7 a1Q 58. g8Q Qh1+ 59. Kg6 Qg2+ 60. Kf7 Qxg8+ 61. Kxg8 1/2-1/2

[Event "TUR-chT 2nd League"]
[Site "Konya"]
[Date "2018.07.20"]
[Round "7.5"]
[White "Sipahioglu, Irmak"]
[Black "Eren, Baran"]
[Result "0-1"]
[WhiteElo "2062"]
[BlackElo "2095"]
[PlyCount "88"]
[EventDate "2018.07.16"]
[EventType "team-swiss"]
[EventRounds "9"]
[EventCountry "TUR"]
[SourceTitle "EXT 2019"]
[Source "ChessBase"]
[SourceDate "2018.10.10"]
[SourceVersion "1"]
[SourceVersionDate "2018.10.10"]
[SourceQuality "1"]
[WhiteTeam "Mugla Ortaca Belediye"]
[BlackTeam "Istanbul Moda"]
[WhiteTeamCountry "TUR"]
[BlackTeamCountry "TUR"]

1. Nf3 d5 2. g3 Nf6 3. Bg2 e6 4. 0-0 Be7 5. d3 0-0 6. Nbd2 c5 7. e4 Nc6 8. Re1 b5 9. a4 b4 10. b3 Qc7 11. Qe2 Ba6 12. Bb2 Rac8 13. exd5 exd5 14. Ne5 Nd4 15. Bxd4 cxd4 16. Ndf3 Bd6 17. Nxd4 Rfe8 18. f4 Bc5 19. Qf2 Re7 20. h3 Rce8 21. Kh2 h5 22. Nef3 Rxe1 23. Rxe1 Rxe1 24. Qxe1 h4 25. Nf5 hxg3+ 26. Qxg3 Nh5 27. Qg4 Qxf4+ 28. Qxf4 Nxf4 29. d4 Bf8 30. Ne5 g6 31. Ne3 Bd6 32. Nxd5 Ne6 33. Nf6+ Kf8 34. Bd5 Nxd4 35. Nfd7+ Ke7 36. Bxf7 Nf3+ 37. Kg2 Nxe5 38. Nxe5 Bxe5 39. Bxg6 Bb7+ 40. Kf2 Kf6 41. Bd3 Bf4 42. Ke2 Ke5 43. h4 Be4 44. h5 Kd4 0-1

[Event "TUR-chT 1st League"]
[Site "Konya"]
[Date "2017.07.18"]
[Round "3.11"]
[White "Sipahioglu, Irmak"]
[Black "Albay, Koraycan"]
[Result "1-0"]
[WhiteElo "2060"]
[BlackElo "1724"]
[PlyCount "29"]
[EventDate "2017.07.17"]
[EventType "team-swiss"]
[EventRounds "9"]
[EventCountry "TUR"]
[SourceTitle "CBM 179 Extra"]
[Source "ChessBase"]
[SourceDate "2017.08.23"]
[SourceVersion "1"]
[SourceVersionDate "2017.08.23"]
[SourceQuality "1"]
[WhiteTeam "Ankara Ego"]
[BlackTeam "Kocaeli Buyuksehir"]
[WhiteTeamCountry "TUR"]
[BlackTeamCountry "TUR"]

1. d4 Nf6 2. c4 e6 3. Nc3 Bb4 4. Qc2 c5 5. dxc5 Bxc5 6. Nf3 Nc6 7. Bf4 a6 8. Rd1 Qe7 9. a3 e5 10. Bg5 Qe6 11. Nd5 Bd6 12. Bxf6 gxf6 13. c5 Nd4 14. Nxd4 Qxd5 15. Nf5 1-0

[Event "TUR Cup"]
[Site "Antalya"]
[Date "2017.02.02"]
[Round "9"]
[White "Tahaoglu, Ugur Barkin"]
[Black "Sipahioglu, Irmak"]
[Result "1/2-1/2"]
[WhiteElo "1928"]
[BlackElo "2090"]
[PlyCount "95"]
[EventDate "2017.01.28"]
[EventType "swiss"]
[EventRounds "11"]
[EventCountry "TUR"]
[SourceTitle "CBM 176 Extra"]
[Source "ChessBase"]
[SourceDate "2017.03.02"]
[SourceVersion "1"]
[SourceVersionDate "2017.03.02"]
[SourceQuality "1"]

1. d4 g6 2. c4 Bg7 3. e4 d6 4. Nc3 e5 5. Nf3 Nc6 6. Be3 Bg4 7. d5 Nce7 8. Be2 h6 9. Nd2 Bd7 10. c5 dxc5 11. Bxc5 b6 12. Ba3 a6 13. d6 cxd6 14. Nc4 Nc8 15. Bxd6 b5 16. Bxe5 Nf6 17. Nd6+ Nxd6 18. Qxd6 Qe7 19. Qxe7+ Kxe7 20. Nd5+ Nxd5 21. Bxg7 Rh7 22. Bd4 Nf4 23. Bc5+ Kf6 24. Bf1 g5 25. f3 Kg6 26. g3 Ne6 27. Be3 Bc6 28. Rc1 Bb7 29. Bh3 Rhh8 30. Bxe6 fxe6 31. Rc7 Rh7 32. Rxh7 Kxh7 33. h3 Kg6 34. Ke2 Rc8 35. Rc1 a5 36. Rxc8 Bxc8 37. f4 gxf4 38. Bxf4 e5 39. Bxe5 Bxh3 40. Kd3 Kf7 41. Kd4 Ke6 42. Bg7 h5 43. Kc5 Bf1 44. b3 Bd3 45. a4 bxa4 46. bxa4 Bxe4 47. Kb5 Kd7 48. Kxa5 1/2-1/2

[Event "TUR Cup"]
[Site "Antalya"]
[Date "2017.01.30"]
[Round "4"]
[White "Sipahioglu, Irmak"]
[Black "Cil, Batuhan"]
[Result "1-0"]
[WhiteElo "2090"]
[BlackElo "1780"]
[PlyCount "89"]
[EventDate "2017.01.28"]
[EventType "swiss"]
[EventRounds "11"]
[EventCountry "TUR"]
[SourceTitle "CBM 176 Extra"]
[Source "ChessBase"]
[SourceDate "2017.03.02"]
[SourceVersion "1"]
[SourceVersionDate "2017.03.02"]
[SourceQuality "1"]

1. d4 d5 2. c4 c6 3. Nc3 Nf6 4. Nf3 g6 5. e3 Bg7 6. Bd3 0-0 7. 0-0 Bf5 8. Bxf5 gxf5 9. Ne5 e6 10. b3 Qe7 11. f4 Ne4 12. Bb2 Nd7 13. Nxe4 dxe4 14. Nxd7 Qxd7 15. Qh5 Qe7 16. g4 Qf6 17. gxf5 Qxf5 18. Qxf5 exf5 19. Kf2 Bf6 20. Ba3 Rfd8 21. Rad1 Rac8 22. Ke2 h5 23. Rg1+ Kh7 24. Rg3 h4 25. Rg2 b6 26. Bb4 Rg8 27. Rdg1 Rxg2+ 28. Rxg2 c5 29. dxc5 bxc5 30. Ba3 a5 31. Kd1 a4 32. bxa4 Ra8 33. Kc2 Rxa4 34. Kb3 Ra5 35. Rd2 Kg6 36. Rd6 Kg7 37. Rd5 Kg6 38. Bxc5 Ra8 39. a4 h3 40. Bb6 Rb8 41. a5 Be7 42. c5 Kf6 43. c6 Ke6 44. c7 Rc8 45. Rd8 1-0

[Event "TUR Cup"]
[Site "Antalya"]
[Date "2017.01.29"]
[Round "3"]
[White "Orak, Yunus"]
[Black "Sipahioglu, Irmak"]
[Result "0-1"]
[WhiteElo "1723"]
[BlackElo "2090"]
[PlyCount "64"]
[EventDate "2017.01.28"]
[EventType "swiss"]
[EventRounds "11"]
[EventCountry "TUR"]
[SourceTitle "CBM 176 Extra"]
[Source "ChessBase"]
[SourceDate "2017.03.02"]
[SourceVersion "1"]
[SourceVersionDate "2017.03.02"]
[SourceQuality "1"]

1. e4 e6 2. d4 d5 3. Nd2 Nf6 4. e5 Nfd7 5. Bd3 c5 6. c3 Nc6 7. Ne2 cxd4 8. cxd4 f6 9. exf6 Qxf6 10. Nf3 h6 11. a3 Bd6 12. 0-0 0-0 13. Bc2 Rf7 14. Qd3 Nf8 15. Ng3 Bd7 16. Rb1 Be8 17. b4 Rc7 18. Qd1 Bg6 19. Bxg6 Nxg6 20. Be3 Rf8 21. b5 Na5 22. Bd2 Nc4 23. a4 Rcf7 24. Bb4 Bxb4 25. Rxb4 Nf4 26. Rb3 g5 27. h3 h5 28. Ne5 Nxe5 29. dxe5 Qxe5 30. Nxh5 Ne2+ 31. Kh1 Rxf2 32. Rf3 R8xf3 0-1

[Event "TUR-chT2"]
[Site "Konya"]
[Date "2016.07.21"]
[Round "7.5"]
[White "Sipahioglu, Irmak"]
[Black "Uzunoglu, Efe Kerem"]
[Result "0-1"]
[WhiteElo "2129"]
[BlackElo "2120"]
[PlyCount "56"]
[EventDate "2016.07.17"]
[EventType "team-swiss"]
[EventRounds "9"]
[EventCountry "TUR"]
[SourceTitle "CBM 173 Extra"]
[Source "ChessBase"]
[SourceDate "2016.08.29"]
[SourceVersion "1"]
[SourceVersionDate "2016.08.29"]
[SourceQuality "1"]
[WhiteTeam "Ankara Ego"]
[BlackTeam "Bursa Buyuksehir"]
[WhiteTeamCountry "TUR"]
[BlackTeamCountry "TUR"]

1. d4 Nf6 2. c4 g6 3. f3 d5 4. cxd5 Nxd5 5. e4 Nb6 6. Nc3 Bg7 7. Be3 0-0 8. Qd2 Nc6 9. 0-0-0 Qd6 10. Kb1 Rd8 11. Nb5 Qd7 12. d5 Ne5 13. Qc2 e6 14. Nxc7 Nbc4 15. Bg5 Qxc7 16. Bxd8 Na3+ 17. bxa3 Qxd8 18. dxe6 Qf6 19. f4 Bxe6 20. Qc7 Nc6 21. e5 Qxf4 22. Nf3 Rc8 23. Qxb7 Rb8 24. Qxb8+ Nxb8 25. Rd8+ Bf8 26. Rxb8 Bf5+ 27. Kb2 Qe4 28. Kc3 Qc2+ 0-1

[Event "TUR-chT2"]
[Site "Konya"]
[Date "2015.07.29"]
[Round "7.7"]
[White "Tirak, Mert"]
[Black "Sipahioglu, Irmak"]
[Result "0-1"]
[WhiteElo "1951"]
[BlackElo "2142"]
[PlyCount "70"]
[EventDate "2015.07.25"]
[EventType "team-swiss"]
[EventRounds "9"]
[EventCountry "TUR"]
[SourceTitle "EXT 2017"]
[Source "ChessBase"]
[SourceDate "2016.10.25"]
[SourceVersion "1"]
[SourceVersionDate "2016.10.25"]
[SourceQuality "1"]
[WhiteTeam "Adana Dahi"]
[BlackTeam "Mersin Ezgi"]
[WhiteTeamCountry "TUR"]
[BlackTeamCountry "TUR"]

1. e4 e6 2. d4 d5 3. Nc3 Bb4 4. e5 Qd7 5. a3 Bxc3+ 6. bxc3 b6 7. a4 Ba6 8. Bxa6 Nxa6 9. Qe2 Nb8 10. Qg4 f5 11. Qh5+ Qf7 12. Qe2 Ne7 13. Nf3 h6 14. c4 dxc4 15. Qxc4 Nbc6 16. a5 Rc8 17. Bd2 0-0 18. 0-0 Rfd8 19. Bc3 Rd5 20. Rfb1 Qe8 21. Nd2 Qd7 22. Nb3 Rd8 23. Qe2 Ng6 24. Bb2 Nxa5 25. Nxa5 Rxa5 26. Rxa5 bxa5 27. Ra1 Qc8 28. g3 f4 29. c4 a4 30. Qc2 Qa6 31. Qxa4 Qxa4 32. Rxa4 Rb8 33. Bc3 Rb3 34. Bd2 f3 35. h3 Rd3 0-1

[Event "TUR-chT2"]
[Site "Konya"]
[Date "2015.07.27"]
[Round "4.8"]
[White "Sipahioglu, Irmak"]
[Black "Capan, Ozan"]
[Result "1-0"]
[WhiteElo "2142"]
[BlackElo "1993"]
[PlyCount "73"]
[EventDate "2015.07.25"]
[EventType "team-swiss"]
[EventRounds "9"]
[EventCountry "TUR"]
[SourceTitle "CBM 167 Extra"]
[Source "ChessBase"]
[SourceDate "2015.09.14"]
[SourceVersion "1"]
[SourceVersionDate "2015.09.14"]
[SourceQuality "1"]
[WhiteTeam "Mersin Ezgi"]
[BlackTeam "Izmir Karsiyaka"]
[WhiteTeamCountry "TUR"]
[BlackTeamCountry "TUR"]

1. c4 e6 2. d4 Nf6 3. Nc3 Bb4 4. Qc2 0-0 5. a3 Bxc3+ 6. Qxc3 b6 7. Bg5 Bb7 8. e3 d6 9. f3 Nbd7 10. Bd3 Qe7 11. Ne2 e5 12. Bf5 exd4 13. Qxd4 Qe5 14. Qxe5 dxe5 15. 0-0-0 Rfd8 16. Bxd7 Rxd7 17. Bxf6 Rxd1+ 18. Rxd1 gxf6 19. Nc3 a6 20. c5 Re8 21. Nd5 Bxd5 22. Rxd5 bxc5 23. Rxc5 c6 24. Kc2 Kf8 25. Ra5 Ra8 26. Ra4 Ke7 27. Rh4 Rh8 28. Rh6 Ke6 29. Kc3 Kf5 30. h4 Ke6 31. g4 Ke7 32. f4 Rg8 33. g5 exf4 34. exf4 fxg5 35. fxg5 Rc8 36. Rxh7 Ke6 37. Rh6+ 1-0

[Event "TUR-chT"]
[Site "Kocaeli"]
[Date "2014.08.26"]
[Round "9.7"]
[White "Ipatov, Alexander"]
[Black "Sipahioglu, Irmak"]
[Result "1-0"]
[WhiteElo "2614"]
[BlackElo "2133"]
[PlyCount "69"]
[EventDate "2014.08.18"]
[EventType "team-tourn"]
[EventRounds "13"]
[EventCountry "TUR"]
[SourceTitle "CBM 162 Extra"]
[Source "ChessBase"]
[SourceDate "2014.10.17"]
[SourceVersion "1"]
[SourceVersionDate "2014.10.17"]
[SourceQuality "1"]
[WhiteTeam "Istanbul Teknik Uni"]
[BlackTeam "Antalya Calli"]
[WhiteTeamCountry "TUR"]
[BlackTeamCountry "TUR"]

1. c4 e6 2. d4 f5 3. g3 Nf6 4. Bg2 d5 5. Nh3 c6 6. 0-0 Bd6 7. Bf4 Be7 8. Qc2 0-0 9. Nd2 h6 10. f3 Na6 11. a3 Bd7 12. b4 Be8 13. Kh1 g5 14. Be3 Rc8 15. Bg1 Kg7 16. e4 fxe4 17. fxe4 Bg6 18. Nf2 Nc7 19. Nd3 Nd7 20. Rxf8 Qxf8 21. Rf1 Qg8 22. Ne5 Nxe5 23. dxe5 c5 24. bxc5 d4 25. Nb3 Na6 26. c6 bxc6 27. Nxd4 Nc5 28. Nf5+ exf5 29. exf5 Bh7 30. Qc3 Bxf5 31. Bxc5 Bxc5 32. Rxf5 Rf8 33. e6+ Kh7 34. Be4 Qg6 35. Rf7+ 1-0

[Event "TUR-chT"]
[Site "Kocaeli"]
[Date "2014.08.20"]
[Round "3.2"]
[White "Sipahioglu, Irmak"]
[Black "Buyukasik, Diyap"]
[Result "1/2-1/2"]
[WhiteElo "2133"]
[BlackElo "2165"]
[PlyCount "88"]
[EventDate "2014.08.18"]
[EventType "team-tourn"]
[EventRounds "13"]
[EventCountry "TUR"]
[SourceTitle "CBM 162 Extra"]
[Source "ChessBase"]
[SourceDate "2014.10.17"]
[SourceVersion "1"]
[SourceVersionDate "2014.10.17"]
[SourceQuality "1"]
[WhiteTeam "Antalya Calli"]
[BlackTeam "Hatay Buyuksehir"]
[WhiteTeamCountry "TUR"]
[BlackTeamCountry "TUR"]

1. d4 Nf6 2. c4 g6 3. Nc3 d5 4. Nf3 Bg7 5. Bg5 Ne4 6. cxd5 Nxg5 7. Nxg5 e6 8. Nf3 exd5 9. e3 0-0 10. Be2 c6 11. 0-0 Nd7 12. b4 Nf6 13. Rc1 Ne4 14. Nd2 Nxd2 15. Qxd2 a6 16. Na4 f5 17. g3 g5 18. f4 Qe7 19. Nc5 Re8 20. Kf2 gxf4 21. gxf4 Bf6 22. Rg1+ Kh8 23. Bh5 Bh4+ 24. Ke2 Rf8 25. Nd3 Be6 26. Rg2 Bf6 27. Bf3 Bf7 28. Kf2 Rg8 29. Rxg8+ Rxg8 30. a4 Bh4+ 31. Kf1 Be8 32. Ne5 Bf6 33. Nd3 Qg7 34. Ke2 Qh6 35. Kd1 Bh5 36. Bxh5 Qxh5+ 37. Kc2 Qh3 38. Re1 Rg2 39. Re2 Rg1 40. Re1 Rg8 41. Kb3 Bh4 42. Re2 Qf1 43. a5 Rg1 44. Qc2 Be7 1/2-1/2